Welcome to the Holygrace Academy Library

Please use search bar below to get started

VALMIKI'S RAMAYANA (Record no. 7437)

MARC details
000 -LEADER
fixed length control field 00264nam a22001217a 4500
082 ## - DEWEY DECIMAL CLASSIFICATION NUMBER
Classification number 823
Item number PAI/V
100 ## - MAIN ENTRY--AUTHOR NAME
Personal name PAI, ANAND
245 ## - TITLE STATEMENT
Title VALMIKI'S RAMAYANA
260 ## - PUBLICATION, DISTRIBUTION, ETC. (IMPRINT)
Place of publication BOMBAY
Name of publisher INDIA BOOK HOUSE
Year of publication 1997
300 ## - PHYSICAL DESCRIPTION
Number of Pages 95
650 ## - SUBJECT ADDED ENTRY--TOPICAL TERM
Topical Term ENGLISH STORY
Geographic subdivision INDIA
942 ## - ADDED ENTRY ELEMENTS (KOHA)
Koha item type Books
Holdings
Withdrawn status Lost status Collection code Home library Current library Date acquired Source of acquisition Full call number Accession Number Koha item type
Withdrawn Damaged Item Fiction Main Library Main Library 07/03/2002 purchase 823 PAI/V 00525 Books